000 01123cam a2200325 i 4500
001 26894
003 Mx-PuUPA
005 20250312143330.0
008 140415s2005 mx gr 001 0 spa d
020 _a9703229980
040 _cMx-PuUPA
_aMx-PuUPA
_bspa
_dMx-PuUPA
_erda
041 0 _aspa
043 _as-pe---
100 1 _aJo, Young-Hyun,
_eautor
_916684
245 1 0 _aSacerdotes y transformación social en Perú (1968-1975) /
_b
_cYoung - Hyun Jo
250 _aPrimera edición
264 1 _aMéxico, D.F :
_bUniversidad Autónoma de México,
_c2005
300 _a261 páginas ;
_c21 cm
336 _2rdacontent
_atexto
_btxt
337 _2rdamedia
_asin medio
_bn
338 _2rdacarrier
_avolumen
_bnc
502 _a
650 7 _aIglesia católica
_2armarc
_913986
_xClero
_zPerú
_xHistoria
_ySiglo XX
650 7 _aIglesia Católica
_2armarc
_zPerú
_xHistoria
_ySiglo XX
650 7 _aarmarc
_2Teología de la liberación
_zPerú
_xHistoria
942 _2ddc
_cLI
_h282.850904
_iJ62
999 _c26894
_d26894